000 00645nam a2200241Ia 4500
003 OSt
005 20220918212134.0
006 a|||||r|||| 00| 0
007 ta
008 220917b |||||||| |||| 00| 0 eng d
024 _a127,404
037 _cTextual
040 _aARTS
_cARTS
_beng
041 _2eng
_aeng
082 _aX0aZ7, L1
100 _aRosenberg Nathan ed
_9122621
245 0 _aEconomics of technological change
_b selected readings
260 _c1971
490 _aPenguin modern economics readings
650 _aECONOMICS
942 _hX0aZ7, L1
_cTEXL
_2CC
999 _c250546
_d250546